000 00342nam a2200133Ia 4500
008 240624s9999 xx 000 0 und d
041 _aeng
082 _a153 MUR
100 _aMURPHY JOSEPH
245 _aWITHIN YOU IS THE POWER UNLEASH THE MIRA
260 _c1977
_aNew York
_btarcher perigee
300 _a255 p.; 19 cm.
365 _cRS
_b30
999 _c29615
_d29615